| 000 | 01352nam a22002057a 4500 | ||
|---|---|---|---|
| 008 | 230629s2022 xxk|||||o|||| 00| 0 eng d | ||
| 041 | _aeng | ||
| 110 | _aRoyal Institution of Chartered Surveyors | ||
| 245 |
_aTechnical Due Diligence scope of services _bScotland _h[Electronic resource] |
||
| 260 |
_aLondon, _bRoyal Institution of Chartered Surveyors, _c2022 |
||
| 300 | _a12p. | ||
| 490 | _aRICS Standard Form | ||
| 520 | _aRICS has published a new edition of their RICS Forms of Consultant’s Appointment, which are intended to be used by clients. Members and others involved in the appointment of surveyors are encouraged to use these forms when considering surveyors for a wide variety of different disciplines within the construction process and related fields.Technical Due Diligence Services is a comprehensive set of those surveyor services present for Technical Due Diligence Services. | ||
| 520 | _aFor use with the RICS Short Form of Consultant’s Appointment for Designated Services | ||
| 650 | _aAPPOINTMENT | ||
| 651 | _aScotland | ||
| 710 | _aRoyal Institution of Chartered Surveyors | ||
| 856 |
_uhttps://www.rics.org/content/dam/ricsglobal/documents/standards/building-surveying-standards/standard-forms-of-consultation/5-technical-due-diligence-services_scotland_may-2022.pdf _zAvailable free on RICS.org |
||
| 942 | _n0 | ||
| 999 |
_c121575 _d121575 |
||